| 000 | 00655nam a22001697a 4500 | ||
|---|---|---|---|
| 999 |
_c8149 _d8150 |
||
| 008 | 190712b ||||| |||| 00| 0 eng d | ||
| 020 | _a9781586489564 | ||
| 082 | _a658.4 YUN | ||
| 100 | _aYunus, Muhammad | ||
| 245 |
_aBuilding social business : _bthe new kind of capitalism that serves humanity's most pressing needs. |
||
| 260 |
_aNew York : _bPublic Affairs, _c2010. |
||
| 300 |
_axxv, 226 p. ; _c25 cm. |
||
| 500 | _aIncludes index. Collection subset: Management and Business Studies | ||
| 650 | _aSocial responsibility of business; Social entrepreneurship; Capitalism -- Moral and ethical aspects; | ||
| 700 | _a Karl Weber | ||
| 942 | _2ddc | ||